| 000 | 00708cam a2200181 i 4500 | ||
|---|---|---|---|
| 005 | 20251216084551.0 | ||
| 008 | 250721s1997 ts gr 000 0 ara d | ||
| 082 | 1 | 4 |
_a216.9 _bس ي د |
| 100 | 1 |
_aالسيد، رضوان _eمؤلف. |
|
| 245 | 1 | 2 |
_aالشورى : _bبين النص و التجربة التاريخية / _cد. رضوان السيد. |
| 264 | 3 | 1 |
_aأبو ظبي : _bمركز الأمارات الدراسات و البحوث، _c1997. |
| 490 | 0 |
_aسلسلة محاضرات الإمارات ؛ _v10 |
|
| 650 | 1 | 7 | _aالشورى. |
| 650 | 1 | 7 | _aالأحكام السلطانية. |
| 830 | 0 | _aسلسلة محاضرات الإمارات ؛ | |
| 942 |
_2ddc _cBK |
||
| 999 |
_c62233 _d62233 |
||